[Event "POL-ch sf"]
[Site "Chotowa"]
[Date "2007.11.05"]
[Round "3"]
[White "Smola, Michal"]
[Black "Adamek, Przemyslaw"]
[Result "1-0"]
[WhiteElo "2053"]
[BlackElo "1963"]
[PlyCount "119"]
[EventDate "2007.11.03"]
[EventType "swiss"]
[EventRounds "9"]
[EventCountry "POL"]
[SourceTitle "EXT 2010"]
[Source "ChessBase"]
[SourceDate "2010.11.25"]
[SourceVersion "1"]
[SourceVersionDate "2010.11.25"]
[SourceQuality "1"]

1. e4 e5 2. Nf3 Nc6 3. Bc4 Bc5 4. 0-0 Nf6 5. d3 d6 6. c3 0-0 7. Nbd2 Be6 8. b4 Bb6 9. a4 a6 10. Bxe6 fxe6 11. Nc4 Ba7 12. b5 axb5 13. axb5 Ne7 14. Bd2 Nd7 15. Bg5 Qe8 16. Ra2 Ng6 17. d4 exd4 18. cxd4 e5 19. Qb3 Qf7 20. Rfa1 exd4 21. Rxa7 Rxa7 22. Rxa7 Nc5 23. Qc2 d3 24. Qa2 Nxe4 25. Ne3 Qxa2 26. Rxa2 Rxf3 27. gxf3 Nxg5 28. Kg2 Ne6 29. Kg3 Nc5 30. f4 Kf7 31. f5 Nf8 32. Kf4 Nfd7 33. Nc4 Ke7 34. Ra1 Kf8 35. f3 d5 36. Ne3 c6 37. Ng4 Kf7 38. Ne5+ Nxe5 39. Kxe5 d2 40. Rd1 Nb3 41. b6 Ke7 42. h4 Nc5 43. Rxd2 Nd7+ 44. Kf4 Nxb6 45. Rb2 Nd7 46. Rxb7 Kd6 47. Rb1 Ke7 48. Re1+ Kf7 49. Re6 c5 50. Rd6 Nf6 51. Ke5 c4 52. Rc6 h6 53. Rc7+ Kg8 54. Ke6 h5 55. Rc5 Kh7 56. Rc8 Kh6 57. Rh8+ Nh7 58. Kf7 c3 59. Kg8 c2 60. Rxh7# 1-0

[Event "POL-ch sf"]
[Site "Chotowa"]
[Date "2007.11.04"]
[Round "2"]
[White "Scibior, Adam"]
[Black "Adamek, Przemyslaw"]
[Result "1-0"]
[WhiteElo "2045"]
[BlackElo "1963"]
[PlyCount "64"]
[EventDate "2007.11.03"]
[EventType "swiss"]
[EventRounds "9"]
[EventCountry "POL"]
[SourceTitle "EXT 2010"]
[Source "ChessBase"]
[SourceDate "2010.11.25"]
[SourceVersion "1"]
[SourceVersionDate "2010.11.25"]
[SourceQuality "1"]

1. d4 d5 2. c4 c6 3. Nf3 Nf6 4. Nc3 dxc4 5. a4 Bf5 6. e3 e6 7. Bxc4 Bb4 8. 0-0 Nbd7 9. Nh4 0-0 10. f3 Bg6 11. e4 e5 12. dxe5 Nxe5 13. Be2 Qb6+ 14. Kh1 Rad8 15. Qc2 Ned7 16. Bg5 Qc5 17. Nxg6 hxg6 18. Bh4 g5 19. Bf2 Qe7 20. Rad1 a5 21. Bc4 Bd6 22. Rfe1 Bc7 23. Ne2 g4 24. Nd4 g6 25. e5 gxf3 26. Qxg6+ Kh8 27. Qh6+ Nh7 28. Bd3 fxg2+ 29. Kg1 f5 30. exf6 Qf7 31. Re7 Ndxf6 32. Rxf7 Rxf7 1-0